000 00796nam a22002177a 4500
999 _c7224
_d7224
003 AR-CdUCM
008 190320b ||||| |||| 00| 0 spa d
040 _aMUNICIPALIDAD PROVINCIAL DEL CUSCO
_cBIBLIOTECA MUNICIPAL DEL CUSCO
082 _a539.709 /
_bB81
100 _aBraunbek, Werner
_920363
245 _aEl drama fascinante de la investigación nuclear /
260 _aBarcelona :
_bLabor,
_c1963.
300 _a314 paginas ;
_c22 cm.
505 _aContenido :Un hombre llamado Rutherford -- Las prometedoras radiaciones -- La nueva era -- El gran auge -- La lucha contra la muerte ...
650 _aFísica nuclear
_919447
650 _aInvestigación
_91940
650 _aHistoria
_9136
700 _aVidal Llenas, José M. (traductor)
_920364
942 _2ddc
_cLIBROS
945 _arum